Journals of the sixth congress of the republic of Texas, 1841-1842 : to which are added the special laws /

Bibliographic Details
Corporate Authors: Texas (Republic). Congress, Texas Library and Historical Commission, Texas State Library, Texas (Republic)
Other Authors: Smither, Harriet
Format: Book
Language:English
Published: Austin, Tex. : Von Boeckmann-Jones co., 1940-1945.
Subjects:

MARC

Tag First Indicator Second Indicator Subfields
LEADER 00000cam a2200000 4500
001 in00000062082
005 20190207093440.0
008 800505m19401945txu 00010 eng
010 |a  41046200  
035 |a (OCoLC)06280824 
035 |9 AAG5797AM 
040 |a DLC  |c TXA  |d UtOrBLW 
049 |a TXAS  |v 1 [136200]  |v 2 [147401]  |v 3 [147402] 
050 0 |a J87  |b .T4 1841/42a 
082 0 |a 328.7641 
092 |a 328.7641  |b T35c, 1841-, 1842 
110 1 |a Texas (Republic).  |b Congress. 
245 1 0 |a Journals of the sixth congress of the republic of Texas, 1841-1842 :  |b to which are added the special laws /  |c Edited by Harriet Smither, archivist, Texas State library. 
264 1 |a Austin, Tex. :  |b Von Boeckmann-Jones co.,  |c 1940-1945. 
300 |a 3 volumes ;  |c 23 cm. 
336 |a text  |b txt  |2 rdacontent 
337 |a unmediated  |b n  |2 rdamedia 
338 |a volume  |b nc  |2 rdacarrier 
500 |a The Cushing Library/Chapman Texas Collection copy is part of the Floyd & Louise Chapman Texas & Borderlands Collection.  |5 TXA 
500 |a At head of title, 1-3: Texas Library and historical commission [and] State library. 
505 0 |a 1. The Senate journal.--2. The House journal.--3. Journals called session; reports and special laws. 
651 0 |a Texas  |x Politics and government  |y To 1846. 
700 1 |a Smither, Harriet. 
710 2 |a Texas Library and Historical Commission. 
710 2 |a Texas State Library. 
710 1 |a Texas (Republic).  |t Laws, statutes, etc. 
999 |a MARS 
999 f f |s e74caf45-5cdf-3555-8cb8-c400f7892123  |i f4d15cda-9c8c-3e5e-ab93-c40cf06af1e3  |t 0 
952 f f |p noncirc  |a Texas A&M University  |b College Station  |c Cushing Memorial Library & Archives  |d Cushing: Chapman Texas Collection (Does not check out)  |t 0  |e J87 .T4 1841/42a  |h Library of Congress classification  |i unmediated -- volume  |k v.1  |m A14800288354 
952 f f |p noncirc  |a Texas A&M University  |b College Station  |c Cushing Memorial Library & Archives  |d Cushing: Chapman Texas Collection (Does not check out)  |t 0  |e J87 .T4 1841/42a  |h Library of Congress classification  |i unmediated -- volume  |k v.3  |m A14800288370 
952 f f |p noncirc  |a Texas A&M University  |b College Station  |c Cushing Memorial Library & Archives  |d Cushing: Chapman Texas Collection (Does not check out)  |t 0  |e J87 .T4 1841/42a  |h Library of Congress classification  |i unmediated -- volume  |k v.2  |m A14800288362 
998 f f |a J87 .T4 1841/42a  |s v.1-v.3  |t 0  |l Cushing: Chapman Texas Collection (Does not check out)